000
00321nam a22001457a 4500
020
_q
PB.
040
_c
FIZZA ISHAQ
082
_a
551.41
_b
TOO
100
_a
D.K, TOOD
_9
90695
245
_a
GROUNDWATHER HYDROLOGY /
_c
TOOD D.K.
250
_a
3rd ED.
260
_b
WILEY,
_c
2005.
300
_a
636 P. ;
942
_2
ddc
_c
BK
999
_c
588902
_d
588902